Qu’elle était verte ma vallée (notice n° 1626206)

détails MARC
000 -LEADER
fixed length control field 01040cam a2200181 4500500
005 - DATE AND TIME OF LATEST TRANSACTION
control field 20260111093353.0
041 ## - LANGUAGE CODE
Language code of text/sound track or separate title fre
042 ## - AUTHENTICATION CODE
Authentication code dc
100 10 - MAIN ENTRY--PERSONAL NAME
Personal name Benhessa, Ghislain
Relator term author
245 00 - TITLE STATEMENT
Title Qu’elle était verte ma vallée
260 ## - PUBLICATION, DISTRIBUTION, ETC.
Date of publication, distribution, etc. 2018.<br/>
500 ## - GENERAL NOTE
General note 92
520 ## - SUMMARY, ETC.
Summary, etc. Les médias et les réseaux sociaux donnent une portée mondiale à des désordres locaux, comme les bavures policières et les occupations de l’espace public. Leur traitement différencié par les autorités interrogent la capacité de ses mouvements à susciter des réformes.
520 ## - SUMMARY, ETC.
Summary, etc. Medias and social networks confer a worldwide reach to local disorders, such as police abuse and occupy movements. Their differentiated management by public authorities questions the ability of these movements to bring about reforms.
700 10 - ADDED ENTRY--PERSONAL NAME
Personal name Bittinger, Nathalie
Relator term author
786 0# - DATA SOURCE ENTRY
Note Esprit | Javier-Février | 1 | 2018-01-11 | p. 192-199 | 0014-0759
856 41 - ELECTRONIC LOCATION AND ACCESS
Uniform Resource Identifier <a href="https://shs.cairn.info/revue-esprit-2018-1-page-192?lang=fr&redirect-ssocas=7080">https://shs.cairn.info/revue-esprit-2018-1-page-192?lang=fr&redirect-ssocas=7080</a>

Pas d'exemplaire disponible.

PLUDOC

PLUDOC est la plateforme unique et centralisée de gestion des bibliothèques physiques et numériques de Guinée administré par le CEDUST. Elle est la plus grande base de données de ressources documentaires pour les Étudiants, Enseignants chercheurs et Chercheurs de Guinée.

Adresse

627 919 101/664 919 101

25 boulevard du commerce
Kaloum, Conakry, Guinée

Réseaux sociaux

Powered by Netsen Group @ 2025